Statistics for Answers Contain Night Quiz

Click here to take the quiz!

General Stats

  • This quiz has been taken 32,915 times
    (7,470 since last reset)
  • The average score is 13 of 20

Answer Stats

Clue Answer % Correct
Bad dreamNightmare
97%
Buenas nochesGoodnight
92%
Van Gogh paintingThe Starry Night
89%
14 daysFortnight
88%
What infrared goggles can give oneNight Vision
86%
Slang for a nocturnal personNight Owl
84%
Another Shakespeare playA Midsummer Night's
Dream
75%
In Spain, it's a discotecaNightclub
74%
Round yon virgin mother and childSilent Night
74%
When not a creature was stirring,
not even a mouse
Night Before
Christmas
70%
Policeman's batonNightstick
68%
1968 zombie movieNight of the Living
Dead
60%
Collection of 1,001 storiesArabian Nights
57%
And I've been working like a dogA Hard Day's Night
54%
British festivity on 5 NovemberGuy Fawkes Night
53%
Bachelorette party in BritainHen Night
51%
EarthwormNightcrawler
48%
Family of plants that includes
tomatoes and eggplants
Nightshade
47%
Shakespeare playTwelfth Night
45%
Rembrandt masterpieceThe Night Watch
30%

Score Distribution

Percentile by Number Answered

Percent of People with Each Score

Your Score History

You have not taken this quiz since the last reset